Novedades laborales del 2006

Detalles Bibliográficos
Otros Autores: Amado Guirado, Jordi (coord)
Formato: Desconocido
Lenguaje:español
Publicado: [Barcelona][etc.] : Planificacin̤ Jurd̕ica, 2006
Materias:
Acceso en línea:Acceso restringido

MARC

LEADER 00000ny a22000003n 4500
005 20110520134116.0
008 080702s2006 sp s 000 0 spa c
020 |a 8493463426 
035 |a 1233 
040 |a UMA.RE  |d vLex 
080 |a 349.2(460)"2006"(0.034) 
090 |c 111  |d 111 
245 0 0 |a Novedades laborales del 2006  |h [Recurso electrn̤ico]  |c Jordi Amado Guirado, coordinacin̤ 
256 |a Servicio en ln̕ea 
260 |a [Barcelona][etc.] :  |b Planificacin̤ Jurd̕ica,  |c 2006 
506 1 |a Contenido solo disponible en los productos indicados  |d vLex Global  |d vLex Global (Academic Edition, excluding Law Schools)  |d vLex Global (U.S. Academic Edition, Law Schools)  |d vLex Global (U.S. Academic Edition, excluding Law Schools)  |d vLex Global (Academic Edition, Law Schools) 
650 0 7 |a Laboral  |2 Tesauro vLex 
650 0 7 |a Seguridad social  |2 Tesauro vLex 
650 0 7 |a Pensiones  |2 Tesauro vLex 
650 0 7 |a Edad mn̕ima  |2 Tesauro vLex 
650 0 7 |a Jubilacin̤  |2 Tesauro vLex 
650 0 7 |a Tributario  |2 Tesauro vLex 
700 1 |a Amado Guirado, Jordi,  |e coord 
740 0 |a vLex Libros (Servicios en ln̕ea) 
856 4 0 |u http://vlex.com/source/1233  |z Acceso restringido 
942 |c BOOK 
999 0 4 |a Labor laws and legislation  |z Spain  |y 2006  |v En ln̕ea 
999 0 4 |a Polt̕ica laboral  |z Espaą  |y 2006  |v En ln̕ea